000 00392cam a2200145ua 4500
003 OSt
008 250104b |||||||| |||| 00| 0 eng d
041 _aeng
082 _a621.381
_bMAI/DI
100 _aMaini, Anil K .
_96763
245 _aDigital electronics: Principles and integrated circuits /
260 _aNew Delhi :
_bWiley India Pvt. Ltd. ,
_c2008.
300 _a ; .
942 _cBK
999 _c13428
_d13428